[Event "Sant Adria de Besos op 11th"]
[White "Serentill Tost, Eduard"]
[Black "Vela Dominguez, Jose Antonio"]
[Site "Sant Adria de Besos"]
[Round "4.21"]
[Result "1-0"]
[Date "2015.05.17"]
[WhiteElo "1885"]
[BlackElo "1636"]
[PlyCount "35"]
[EventDate "2015.04.12"]
[EventType "swiss"]
[EventRounds "9"]
[EventCountry "ESP"]
[SourceTitle "EXT 2024"]
[Source "ChessBase"]
[SourceDate "2023.10.10"]
[SourceVersion "1"]
[SourceVersionDate "2023.10.10"]
[SourceQuality "1"]

1. e4 e5 2. Nf3 Nc6 3. Bb5 Nd4 4. Nxd4 exd4 5. d3 Bd6 6. Nd2 Nf6 7. Nf3 h6 8. 0-0 a6 9. Bc4 b5 10. Bb3 Qe7 11. e5 Bxe5 12. Nxe5 Qxe5 13. Re1 Ng4 14. Rxe5+ Nxe5 15. Qe2 d6 16. f4 Bg4 17. Qe4 0-0 18. fxe5 1-0